[Event "Mediterranean Open"]
[Site "Rijeka CRO"]
[Date "2008.12.02"]
[Round "5"]
[White "Grachev, B."]
[Black "Saric, A."]
[Result "1-0"]
[WhiteElo "2653"]
[BlackElo "2505"]
[PlyCount "93"]
[EventDate "2008.11.29"]
[SourceDate "1999.07.01"]

1. d4 Nf6 2. Nf3 e6 3. c4 b6 4. a3 Ba6 5. e3 d5 6. Nbd2 c5 7. dxc5 Bxc5 8. b4
Be7 9. Bb2 O-O 10. Bd3 Nbd7 11. O-O Bb7 12. Qb1 h6 13. Rd1 a5 14. cxd5 Bxd5 15.
e4 Bb7 16. Bb5 Qc7 17. Rc1 Qd8 18. Rd1 Qc7 19. Rc1 Qd8 20. bxa5 Rxa5 21. a4 Nc5
22. Rd1 Qa8 23. Bxf6 Bxf6 24. e5 Be7 25. Nc4 Bxf3 26. gxf3 Ra7 27. Kg2 Nxa4 28.
Qa2 Bc5 29. Qb3 Bxf2 30. Rxa4 Bc5 31. Rd7 Rxa4 32. Qxa4 Qxa4 33. Bxa4 Ra8 34.
Bc6 Ra2+ 35. Rd2 Rxd2+ 36. Nxd2 Bd4 37. Nc4 g5 38. Kf1 Kg7 39. Ke2 Kg6 40. h3
Kf5 41. Nd6+ Kf4 42. Nxf7 h5 43. Bd7 g4 44. fxg4 hxg4 45. hxg4 Kxg4 46. Kd3 Bb2
47. Ke4 1-0

[Event "77th ch-UKR"]
[Site "Poltava UKR"]
[Date "2008.12.04"]
[Round "3"]
[White "Gasanov, E."]
[Black "Baklan, V."]
[Result "1/2-1/2"]
[WhiteElo "2550"]
[BlackElo "2625"]
[PlyCount "61"]
[EventDate "2008.12.02"]
[SourceDate "1999.07.01"]

1. d4 Nf6 2. c4 e6 3. Nf3 b6 4. g3 Ba6 5. Qa4 Bb7 6. Bg2 c5 7. dxc5 bxc5 8. O-O
Be7 9. Nc3 O-O 10. Rd1 a6 11. Bf4 d6 12. b4 Bc6 13. Qa3 cxb4 14. Qxb4 e5 15. c5
dxc5 16. Qc4 Qe8 17. Nxe5 Bxg2 18. Kxg2 Nc6 19. Rab1 Nxe5 20. Bxe5 Qc6+ 21. Kg1
Rfd8 22. Bxf6 Rxd1+ 23. Rxd1 Bxf6 24. Nd5 Rb8 25. Nxf6+ gxf6 26. Qg4+ Kh8 27.
Qf4 Rb4 28. Qh6 Rb8 29. Qf4 Rb4 30. Qh6 Rb8 31. Qf4 1/2-1/2

[Event "77th ch-UKR"]
[Site "Poltava UKR"]
[Date "2008.12.08"]
[Round "7"]
[White "Kuzubov, Y."]
[Black "Baklan, V."]
[Result "1-0"]
[WhiteElo "2622"]
[BlackElo "2625"]
[PlyCount "79"]
[EventDate "2008.12.02"]
[SourceDate "1999.07.01"]

1. d4 Nf6 2. c4 e6 3. Nf3 b6 4. g3 Ba6 5. b3 Bb7 6. Bg2 Bb4+ 7. Bd2 a5 8. O-O
O-O 9. Qc2 d6 10. Rd1 Nbd7 11. Nc3 Qe7 12. a3 Bxc3 13. Bxc3 Be4 14. Qb2 c6 15.
Bf1 d5 16. Nd2 Bg6 17. a4 Rfe8 18. Bg2 Rab8 19. Re1 Ne4 20. Nxe4 Bxe4 21. Bxe4
dxe4 22. Red1 f5 23. b4 axb4 24. Bxb4 Qf7 25. Bd6 Ra8 26. c5 Ra6 27. Ra3 h6 28.
Rb3 bxc5 29. Rb7 c4 30. Qb4 e5 31. dxe5 Qe6 32. Rxd7 Qxd7 33. Qxc4+ Kh7 34.
Qxa6 Rxe5 35. Bxe5 Qxd1+ 36. Kg2 Qd5 37. Bf4 g5 38. Be3 f4 39. gxf4 Qe6 40.
fxg5 1-0

[Event "TCh-SLO"]
[Site "Murska Sobota SLO"]
[Date "2008.12.11"]
[Round "6"]
[White "Markus, Rob"]
[Black "Beliavsky, A."]
[Result "0-1"]
[WhiteElo "2616"]
[BlackElo "2619"]
[PlyCount "120"]
[EventDate "2008.12.06"]
[SourceDate "1999.07.01"]

1. d4 Nf6 2. c4 e6 3. Nf3 b6 4. g3 Ba6 5. b3 Bb4+ 6. Bd2 Be7 7. Bg2 c6 8. Bc3
d5 9. Nbd2 Nbd7 10. O-O O-O 11. Rc1 Rc8 12. Rc2 c5 13. a4 Bb7 14. Qa1 Rc7 15.
Rfc1 dxc4 16. Nxc4 Be4 17. Rd2 Qa8 18. Rdd1 Rfc8 19. Ncd2 Bb7 20. dxc5 Bxc5 21.
e3 Bf8 22. Bxf6 Nxf6 23. Ne1 Bxg2 24. Nxg2 Rxc1 25. Rxc1 Rd8 26. Nc4 Ne4 27. h4
Nc5 28. Qb1 Qf3 29. Qc2 Qf5 30. Qa2 Qd3 31. Rb1 Qc3 32. Qc2 Qb4 33. Nf4 g6 34.
h5 Bg7 35. hxg6 hxg6 36. Kg2 Qc3 37. Qxc3 Bxc3 38. Kf1 g5 39. Ne2 Bg7 40. Nd4
Bxd4 41. exd4 Rxd4 42. Ne5 a6 43. Nf3 Rd3 44. Nxg5 Rxb3 45. Rxb3 Nxb3 46. Ne4
Nc5 47. Nc3 Kf8 48. Ke2 Ke7 49. Ke3 Kd6 50. f4 f5 51. Kf3 Nd3 52. Ke3 Nb4 53.
Kd4 Nd5 54. Nd1 Nf6 55. Ne3 Nh5 56. Nc4+ Kc6 57. Nb2 Nxg3 58. Ke5 b5 59. axb5+
Kxb5 60. Kxe6 a5 0-1

[Event "77th ch-UKR"]
[Site "Poltava UKR"]
[Date "2008.12.09"]
[Round "8"]
[White "Gasanov, E."]
[Black "Kryvoruchko, Y."]
[Result "1/2-1/2"]
[WhiteElo "2550"]
[BlackElo "2627"]
[PlyCount "103"]
[EventDate "2008.12.02"]
[SourceDate "1999.07.01"]

1. d4 Nf6 2. c4 e6 3. Nf3 b6 4. g3 Bb7 5. Bg2 Be7 6. O-O O-O 7. Re1 d5 8. cxd5
exd5 9. Nc3 Nbd7 10. Bf4 c5 11. Rc1 Ne4 12. Nxe4 dxe4 13. Nd2 Nf6 14. Nb3 cxd4
15. Nxd4 Bb4 16. Rf1 Qd5 17. a3 Bd6 18. Nf5 Qxf5 19. Qxd6 Ba6 20. Rfe1 Rac8 21.
Rc7 Rxc7 22. Qxc7 Qa5 23. Qc1 Rc8 24. Qd1 h6 25. Bh3 Re8 26. Qd2 Qh5 27. Bg2
Nd5 28. Bd6 e3 29. fxe3 Nxe3 30. Bf3 Qb5 31. Bb4 Nc4 32. Qd4 Ne5 33. Bd5 Nc6
34. Bxf7+ Kxf7 35. Qd7+ Ne7 36. Rf1+ Kg8 37. Qe6+ Kh7 38. Bxe7 Qxe2 39. Qxe2
Bxe2 40. Re1 Rxe7 41. Kf2 Kg6 42. Rxe2 Rxe2+ 43. Kxe2 Kf5 44. Kf3 b5 45. g4+
Ke5 46. Ke3 g6 47. h4 g5 48. h5 Kd5 49. Kd3 Ke5 50. Ke3 a5 51. b3 a4 52. b4
1/2-1/2

[Event "Open"]
[Site "Figueira da Foz POR"]
[Date "2008.12.04"]
[Round "6"]
[White "Spraggett, K."]
[Black "Kovalyov, A."]
[Result "1/2-1/2"]
[WhiteElo "2597"]
[BlackElo "2571"]
[PlyCount "49"]
[EventDate "2008.11.30"]
[SourceDate "1999.07.01"]

1. d4 Nf6 2. Nf3 e6 3. c4 b6 4. g3 c6 5. Bg2 d5 6. O-O Be7 7. Qc2 O-O 8. Rd1
Nbd7 9. b3 Ba6 10. a4 Bb4 11. Bd2 Qe7 12. Bxb4 Qxb4 13. Nbd2 c5 14. e3 Rac8 15.
Rdc1 Rfd8 16. Bf1 cxd4 17. exd4 Nb8 18. a5 Qe7 19. axb6 axb6 20. Qb2 Bb7 21.
Bg2 Rc7 22. Nf1 h6 23. Ne3 Rdc8 24. Re1 Qd8 25. Rad1 1/2-1/2

[Event "8th Amplico AIG Life Rapid"]
[Site "Warsaw POL"]
[Date "2008.12.20"]
[Round "7"]
[White "Jaracz, P."]
[Black "Berg, E."]
[Result "1-0"]
[WhiteElo "2513"]
[BlackElo "2623"]
[PlyCount "67"]
[EventDate "2008.12.20"]
[SourceDate "1999.07.01"]

1. d4 Nf6 2. c4 e6 3. Nf3 b6 4. a3 Ba6 5. Qb3 d5 6. cxd5 Qxd5 7. Qxd5 Nxd5 8.
e4 Bxf1 9. Kxf1 Nf6 10. Nc3 Nc6 11. Be3 O-O-O 12. Ke2 Ng4 13. Rac1 Kb7 14. Rc2
Nxe3 15. fxe3 f6 16. Rhc1 Nb8 17. b4 Rd7 18. e5 Be7 19. Ne4 Rc8 20. h4 h6 21.
h5 f5 22. Nf2 a5 23. bxa5 Bxa3 24. Rb1 Na6 25. Nd3 Re8 26. axb6 cxb6 27. Nc5+
Nxc5 28. dxc5 Rd5 29. Rxb6+ Kc7 30. Nd4 Kd7 31. c6+ Ke7 32. Rb7+ Kf8 33. c7 Bc5
34. Rb8 1-0

[Event "8th Amplico AIG Life Rapid"]
[Site "Warsaw POL"]
[Date "2008.12.21"]
[Round "9"]
[White "Gustafsson, J."]
[Black "Zhigalko, A."]
[Result "0-1"]
[WhiteElo "2634"]
[BlackElo "2568"]
[PlyCount "96"]
[EventDate "2008.12.20"]
[SourceDate "1999.07.01"]

1. d4 Nf6 2. c4 e6 3. Nf3 b6 4. g3 Ba6 5. b3 Bb4+ 6. Bd2 Be7 7. Nc3 c6 8. e4 d5
9. Qe2 O-O 10. Bg2 b5 11. exd5 exd5 12. cxb5 cxb5 13. Nxb5 Ba3 14. Bf1 Re8 15.
Be3 Qa5+ 16. Kd1 Nc6 17. Ne5 Nxe5 18. dxe5 Ne4 19. Bd2 Bb4 20. Bxb4 Qxb4 21.
Qe1 Qc5 22. Rc1 Nxf2+ 23. Kd2 Qb4+ 24. Nc3 Qd4+ 25. Kc2 Bd3+ 26. Kb2 Nxh1 27.
Bxd3 Qxd3 28. Qxh1 Rxe5 29. Rd1 Qf5 30. Qg1 h6 31. Qd4 Kh7 32. Rd2 a6 33. Rf2
Qe6 34. Rxf7 Qxf7 35. Qxe5 Rd8 36. Qd4 Qf5 37. b4 Qf3 38. a4 Rc8 39. Qd2 Qf6
40. Kb3 d4 41. Qd3+ Kh8 42. Ne4 Qe6+ 43. Kb2 Qb6 44. Kb3 Qe6+ 45. Kb2 Rc4 46.
Qb3 d3 47. Nc5 Qe5+ 48. Kb1 Qe1+ 0-1

[Event "8th Amplico AIG Life Rapid"]
[Site "Warsaw POL"]
[Date "2008.12.21"]
[Round "10"]
[White "Krasenkow, M."]
[Black "Zhigalko, A."]
[Result "1/2-1/2"]
[WhiteElo "2624"]
[BlackElo "2568"]
[PlyCount "110"]
[EventDate "2008.12.20"]
[SourceDate "1999.07.01"]

1. d4 Nf6 2. c4 e6 3. Nf3 b6 4. a3 Bb7 5. Nc3 d5 6. cxd5 Nxd5 7. Qc2 Nxc3 8.
bxc3 Be7 9. e4 O-O 10. Bd3 c5 11. O-O Qc7 12. Qe2 Nd7 13. e5 Rfd8 14. h4 Nf8
15. h5 h6 16. Be3 Rac8 17. Nd2 cxd4 18. cxd4 f5 19. f4 Qd7 20. g4 Bc5 21. Nb3
Qd5 22. Kh2 Qxb3 23. Bc4 Qa4 24. dxc5 fxg4 25. f5 Bf3 26. Qa2 Qe8 27. Bxe6+
Nxe6 28. Qxe6+ Qxe6 29. fxe6 bxc5 30. Rac1 Rd5 31. Bf4 Re8 32. Rc3 Rxe6 33.
Rfc1 Rc6 34. Rb1 c4 35. Rb8+ Kh7 36. Kg3 Rd1 37. Re8 Rh1 38. e6 Rh3+ 39. Kf2
g3+ 40. Bxg3 Bxh5 41. Re7 Kg6 42. Be5 Rxc3 43. Bxc3 Kf5 44. Bxg7 c3 45. Bxh6 c2
46. Rxa7 Rxe6 47. Ra5+ Kg6 48. Bc1 Re2+ 49. Kf1 Bf3 50. Rg5+ Kf6 51. Rg3 Bh5
52. Rh3 Bg4 53. Rc3 Rh2 54. Kg1 Re2 55. Kf1 Rh2 1/2-1/2

[Event "8th Amplico AIG Life Rapid"]
[Site "Warsaw POL"]
[Date "2008.12.21"]
[Round "10"]
[White "Lenic, L."]
[Black "Azarov, S."]
[Result "1/2-1/2"]
[WhiteElo "2569"]
[BlackElo "2613"]
[PlyCount "69"]
[EventDate "2008.12.20"]
[SourceDate "1999.07.01"]

1. d4 Nf6 2. c4 e6 3. Nf3 b6 4. a3 Bb7 5. Nc3 d5 6. cxd5 Nxd5 7. Qc2 Nxc3 8.
bxc3 Be7 9. e4 O-O 10. Bd3 c5 11. O-O Qc8 12. Qe2 Ba6 13. Rd1 Bxd3 14. Rxd3 Nd7
15. e5 cxd4 16. cxd4 Qc4 17. Bg5 Bd8 18. h4 f6 19. exf6 Bxf6 20. Rc1 Qd5 21.
Re1 Rae8 22. Re3 h6 23. Bxf6 Rxf6 24. Qa6 Ra8 25. Qe2 Nf8 26. Re5 Qd6 27. a4
Rd8 28. h5 Qc6 29. a5 Rd5 30. axb6 axb6 31. Qe4 b5 32. Rb1 Qd7 33. Rxd5 exd5
34. Qe2 Ne6 35. Qxb5 1/2-1/2

[Event "8th Amplico AIG Life Rapid"]
[Site "Warsaw POL"]
[Date "2008.12.21"]
[Round "13"]
[White "Jaracz, P."]
[Black "Zhigalko, S."]
[Result "0-1"]
[WhiteElo "2513"]
[BlackElo "2592"]
[PlyCount "68"]
[EventDate "2008.12.20"]
[SourceDate "1999.07.01"]

1. d4 Nf6 2. c4 e6 3. Nf3 b6 4. a3 Ba6 5. Qb3 Nc6 6. e3 Be7 7. Qa4 Bb7 8. Nc3
O-O 9. Be2 d5 10. O-O a6 11. Qc2 dxc4 12. Bxc4 b5 13. Be2 Bd6 14. Rd1 Qe7 15.
Ng5 h6 16. Nge4 Nxe4 17. Nxe4 f5 18. Nxd6 cxd6 19. b4 Rac8 20. Qb3 Na7 21. Bb2
Bd5 22. Qd3 Be4 23. Qb3 Bc2 24. Qa2 Bxd1 25. Rxd1 d5 26. Qb3 Rc6 27. Bc3 Nc8
28. Be1 Nb6 29. f3 Rfc8 30. Bd3 Rc1 31. Bd2 Rxd1+ 32. Qxd1 Nc4 33. Bc1 Qc7 34.
Bb1 Nxa3 0-1

[Event "XXI Carlos Torre KO"]
[Site "Merida MEX"]
[Date "2008.12.19"]
[Round "3.2"]
[White "Tregubov, P."]
[Black "Quezada Perez, Y."]
[Result "1/2-1/2"]
[WhiteElo "2646"]
[BlackElo "2580"]
[PlyCount "83"]
[EventDate "2008.12.17"]
[SourceDate "1999.07.01"]

1. d4 Nf6 2. c4 e6 3. Nf3 b6 4. g3 Ba6 5. Nbd2 Bb4 6. Qc2 Bb7 7. Bg2 Be4 8. Qd1
O-O 9. O-O Bxd2 10. Qxd2 d5 11. b3 dxc4 12. bxc4 Nbd7 13. Bb2 c5 14. Rfd1 Qc7
15. Qe3 Rfd8 16. Bh3 cxd4 17. Rxd4 Nc5 18. Rad1 Rxd4 19. Qxd4 Bxf3 20. exf3 Qd7
21. f4 Rd8 22. f5 e5 23. Qxd7 Rxd7 24. Rxd7 Nfxd7 25. Kf1 Kf8 26. Ke2 Ke7 27.
Ke3 Kd6 28. Bg2 f6 29. Ba3 Nb8 30. f4 exf4+ 31. Kxf4 Nc6 32. Bxc6 Kxc6 33. g4
h6 34. h4 b5 35. cxb5+ Kxb5 36. g5 hxg5+ 37. hxg5 Kc4 38. Kg4 fxg5 39. Bb2 Ne4
40. Bxg7 Kd5 41. Bb2 Nd6 42. Kxg5 1/2-1/2

[Event "XXI Carlos Torre KO"]
[Site "Merida MEX"]
[Date "2008.12.19"]
[Round "3.4"]
[White "Tregubov, P."]
[Black "Quezada Perez, Y."]
[Result "0-1"]
[WhiteElo "2646"]
[BlackElo "2580"]
[PlyCount "110"]
[EventDate "2008.12.17"]
[SourceDate "1999.07.01"]

1. d4 Nf6 2. c4 e6 3. Nf3 b6 4. g3 Ba6 5. Nbd2 Bb4 6. Qc2 Bb7 7. Bg2 Be4 8. Qd1
O-O 9. O-O Bxd2 10. Qxd2 d6 11. b3 Nbd7 12. Bb2 a5 13. Rac1 Qe7 14. Rfd1 Rfd8
15. Qe3 c5 16. dxc5 bxc5 17. Rd2 a4 18. Rcd1 d5 19. cxd5 exd5 20. b4 d4 21. Qg5
h6 22. Qh4 Nb6 23. Rc1 cxb4 24. Bxd4 Nbd5 25. Ne5 Nc3 26. Bxe4 Ncxe4 27. Nc6
Qe8 28. Nxd8 Nxd2 29. Bxf6 Qxe2 30. Qxb4 gxf6 31. Nxf7 Kg7 32. Qb7 Qf3 33. Nd6+
Qxb7 34. Nxb7 Ne4 35. Rc4 Nd2 36. Rg4+ Kf7 37. Rf4 a3 38. Nc5 Rc8 39. Nd7 Rc2
40. Nxf6 Rxa2 41. Ne4+ Ke6 42. Nxd2 Rxd2 43. Ra4 a2 44. Kg2 Kd5 45. g4 Kc5 46.
Kg3 Kb5 47. Ra8 Kb4 48. f3 Kb3 49. h4 Rd4 50. Rxa2 Kxa2 51. g5 hxg5 52. hxg5
Kb3 53. f4 Kc4 54. Kg4 Kd5 55. Kf5 Kd6 0-1

[Event "XXI Carlos Torre"]
[Site "Merida MEX"]
[Date "2008.12.15"]
[Round "4"]
[White "Cordova, Em"]
[Black "Hernandez Carmenates, Hold"]
[Result "0-1"]
[WhiteElo "2533"]
[BlackElo "2580"]
[PlyCount "70"]
[EventDate "2008.12.13"]
[SourceDate "1999.07.01"]

1. d4 Nf6 2. Nf3 e6 3. c4 b6 4. a3 Bb7 5. Nc3 d5 6. Qc2 dxc4 7. e4 c5 8. dxc5
Bxc5 9. Bxc4 O-O 10. O-O Nc6 11. Rd1 Qc7 12. Nb5 Qb8 13. b4 Be7 14. Bb2 Ng4 15.
Rd7 Rc8 16. Bxe6 Nd4 17. Bxd4 Rxc2 18. Rxe7 Qf4 19. Re1 fxe6 20. Rxg7+ Kf8 21.
Rxb7 Rc1 22. Rxh7 Rxe1+ 23. Nxe1 e5 24. Rh3 Qxe4 25. Bc3 Ke7 26. Rf3 Rc8 27. g3
a6 28. Rf7+ Ke6 29. Nf3 Qb1+ 30. Kg2 Kxf7 31. Nd6+ Ke6 32. Nxc8 Qc2 33. Bd4
Qxc8 34. Bxb6 Qc6 35. Bc5 Nxh2 0-1

[Event "75th ch-BRA"]
[Site "Porto Alegre BRA"]
[Date "2008.12.15"]
[Round "10"]
[White "Vescovi, G."]
[Black "Fier, A."]
[Result "1/2-1/2"]
[WhiteElo "2635"]
[BlackElo "2581"]
[PlyCount "42"]
[EventDate "2008.12.07"]
[SourceDate "1999.07.01"]

1. d4 Nf6 2. Nf3 e6 3. c4 b6 4. g3 Ba6 5. b3 Bb4+ 6. Bd2 Be7 7. Bg2 c6 8. Bc3
d5 9. Ne5 Nfd7 10. Nxd7 Nxd7 11. Nd2 f5 12. O-O O-O 13. Bb2 Bd6 14. Rc1 Rc8 15.
Nf3 Qe7 16. Rc2 Nf6 17. Ne5 Bb7 18. Nd3 Ne4 19. e3 dxc4 20. bxc4 c5 21. Qe2 Nf6
1/2-1/2

[Event "4 Nations"]
[Site "Donostia ESP"]
[Date "2008.12.19"]
[Round "1"]
[White "Gozzoli, Y."]
[Black "Lafuente, P."]
[Result "1-0"]
[WhiteElo "2503"]
[BlackElo "2522"]
[PlyCount "65"]
[EventDate "2008.12.19"]
[SourceDate "1999.07.01"]

1. d4 Nf6 2. c4 e6 3. Nf3 b6 4. a3 Bb7 5. Nc3 d5 6. cxd5 Nxd5 7. e3 Be7 8. Bb5+
c6 9. Bd3 O-O 10. e4 Nxc3 11. bxc3 c5 12. O-O Nd7 13. a4 Rc8 14. Qe2 Qc7 15.
Bd2 Rfd8 16. h3 h6 17. Be3 Nf6 18. Bd2 Bf8 19. Rfb1 Bc6 20. e5 Nd5 21. Qe4 g6
22. Qh4 Ne7 23. Re1 Bxf3 24. gxf3 Rd7 25. Bxh6 Bxh6 26. Qxh6 cxd4 27. c4 Nc6
28. f4 Nb4 29. f5 exf5 30. Bxf5 Re7 31. Re4 Rce8 32. Rae1 Rxe5 33. Bxg6 1-0

[Event "1st Asian Clubs"]
[Site "Al Ain UAE"]
[Date "2008.12.31"]
[Round "7"]
[White "Zhou Weiqi"]
[Black "Paragua, M."]
[Result "1-0"]
[WhiteElo "2548"]
[BlackElo "2526"]
[PlyCount "139"]
[EventDate "2008.12.25"]
[SourceDate "1999.07.01"]

1. d4 Nf6 2. c4 e6 3. Nf3 b6 4. g3 Ba6 5. Qc2 Bb7 6. Bg2 c5 7. d5 exd5 8. cxd5
Nxd5 9. O-O Be7 10. Rd1 Qc8 11. a3 Nf6 12. Bg5 h6 13. Bxf6 Bxf6 14. Nc3 O-O 15.
Nd5 Bxd5 16. Rxd5 Nc6 17. Rad1 Nd4 18. Qd2 Qe8 19. e3 Nxf3+ 20. Bxf3 Rc8 21. b3
d6 22. Rxd6 Qe5 23. Rd5 Qe7 24. Qd3 Rcd8 25. Qa6 Rxd5 26. Rxd5 Bb2 27. Be2 c4
28. Bxc4 Bxa3 29. Qa4 Bc5 30. Rd7 Qe5 31. Qc6 Qf5 32. Kg2 a5 33. Qd5 Qf6 34. h4
g6 35. h5 gxh5 36. Qxh5 Kg7 37. Qd5 Bb4 38. Qe4 Be1 39. Qg4+ Kh8 40. Qf3 Qxf3+
41. Kxf3 Bb4 42. Rxf7 Rxf7+ 43. Bxf7 Kg7 44. Bc4 Kf6 45. Ke2 Ke5 46. Bf7 Kd6
47. g4 Kc5 48. Kd3 Be1 49. f4 Bg3 50. Ke4 Bf2 51. Kf3 Bh4 52. Ke4 Bf2 53. Be6
b5 54. Bd7 a4 55. bxa4 bxa4 56. Bxa4 Kc4 57. Be8 Kc5 58. Bh5 Kc4 59. Kf3 Bh4
60. Ke4 Bf2 61. f5 Kc5 62. f6 Kd6 63. Bf7 Kd7 64. Kf4 Kd6 65. Bb3 Bg1 66. e4
Bd4 67. Kf5 Bc3 68. Kg6 Ke5 69. f7 Bb4 70. Kxh6 1-0

[Event "Open A"]
[Site "Gjovik NOR"]
[Date "2009.01.07"]
[Round "9"]
[White "Bartel, Mat"]
[Black "Hammer, J."]
[Result "0-1"]
[WhiteElo "2602"]
[BlackElo "2522"]
[PlyCount "174"]
[EventDate "2008.12.29"]
[SourceDate "1999.07.01"]

1. c4 Nf6 2. d4 e6 3. Nf3 b6 4. a3 Bb7 5. Nc3 d5 6. Bg5 Be7 7. Qa4+ Qd7 8. Qc2
O-O 9. e3 h6 10. Bxf6 Bxf6 11. cxd5 exd5 12. Bd3 c5 13. O-O cxd4 14. Nxd4 Nc6
15. Nce2 Nxd4 16. Nxd4 Rfc8 17. Qb3 Bxd4 18. exd4 Qd6 19. Rae1 Re8 20. g3 Bc6
21. f4 Rxe1 22. Rxe1 Re8 23. Re5 Rxe5 24. fxe5 Qe6 25. Qd1 Bd7 26. Qf3 Qg4 27.
Qxd5 Qd1+ 28. Bf1 Bh3 29. Qa8+ Kh7 30. Qe4+ Kg8 31. Qd3 Qc1 32. b4 Qa1 33. Qc4
g6 34. d5 Bxf1 35. Qxf1 Qd4+ 36. Qf2 Qd1+ 37. Qf1 Qd4+ 38. Qf2 Qd1+ 39. Qf1
Qxd5 40. Qf6 Qd2 41. Qf3 a5 42. Qf4 Qd3 43. bxa5 bxa5 44. Qxh6 Qxa3 45. Qg5 a4
46. Qd8+ Qf8 47. Qa5 Qe8 48. Kf2 Kh7 49. Qa7 Kg8 50. Qa5 Qc6 51. Qd8+ Kg7 52.
Qd4 Qc2+ 53. Kf3 Qf5+ 54. Ke3 a3 55. e6+ Qf6 56. e7 Qxd4+ 57. Kxd4 a2 58. e8=Q
a1=Q+ 59. Kd3 Qd1+ 60. Kc3 Qh5 61. Kd3 Qxh2 62. Qe5+ Kh7 63. Qf4 Qa2 64. Qh4+
Kg7 65. Qd4+ Kg8 66. Qd8+ Kg7 67. Qd4+ f6 68. Qd7+ Qf7 69. Qd6 Qe8 70. Qc7+ Kg8
71. Qc4+ Kf8 72. Qf4 Kf7 73. Qh4 Kg7 74. Qg4 Qe5 75. Qd7+ Kh6 76. Qg4 Qg5 77.
Qf3 Qb5+ 78. Kd2 Qa5+ 79. Kc1 Qa1+ 80. Kc2 Qd4 81. Qh1+ Kg5 82. Qh3 f5 83. Kb3
Qd1+ 84. Kc3 Qh5 85. Qg2 Kg4 86. Qf2 Qh8+ 87. Kd3 Qe5 0-1

[Event "35th Eastern Open"]
[Site "Washington DC USA"]
[Date "2008.12.30"]
[Round "7"]
[White "Yermolinsky, A."]
[Black "Ivanov, AV USA."]
[Result "1-0"]
[WhiteElo "2537"]
[BlackElo "2547"]
[PlyCount "65"]
[EventDate "2008.12.27"]
[SourceDate "1999.07.01"]

1. d4 Nf6 2. c4 e6 3. Nf3 b6 4. g3 Ba6 5. Qc2 Bb4+ 6. Bd2 Bxd2+ 7. Nbxd2 c5 8.
e4 O-O 9. e5 Ne8 10. Bd3 f5 11. d5 Bb7 12. h4 g6 13. h5 g5 14. h6 b5 15. Rh5 g4
16. Nh4 bxc4 17. Nxc4 Na6 18. a3 Bxd5 19. O-O-O Nac7 20. Ne3 Bc6 21. Qxc5 Nd5
22. Bxf5 Qe7 23. Rxd5 Qxc5+ 24. Rxc5 exf5 25. Nhxf5 Kh8 26. Rg5 Nc7 27. Rc4 Ne6
28. Rc3 a5 29. f4 Be4 30. Nd6 Bf3 31. Rg7 Nxg7 32. hxg7+ Kxg7 33. Nef5+ 1-0

[Event "7th Gibtelecom Masters"]
[Site "Caleta ENG"]
[Date "2009.01.30"]
[Round "4"]
[White "Avrukh, B."]
[Black "Papp, Ga"]
[Result "1-0"]
[WhiteElo "2645"]
[BlackElo "2517"]
[PlyCount "111"]
[EventDate "2009.01.27"]
[SourceDate "1999.07.01"]

1. d4 Nf6 2. c4 e6 3. Nf3 b6 4. g3 Ba6 5. Qb3 Nc6 6. Bd2 Bb7 7. Bc3 d5 8. Bg2
Ne4 9. O-O Be7 10. Nbd2 O-O 11. Rfd1 Nxc3 12. Qxc3 Bf6 13. e3 dxc4 14. Nxc4 Ne7
15. Qc2 Nf5 16. d5 Qc8 17. Bh3 g6 18. e4 exd5 19. exd5 Rd8 20. Qe4 Qe6 21. dxe6
Bxe4 22. exf7+ Kxf7 23. Nfe5+ Kg7 24. Re1 Rd4 25. Rac1 Re8 26. Nf3 Rdd8 27.
Ncd2 Bxf3 28. Rxc7+ Kh6 29. Nxf3 Rxe1+ 30. Nxe1 Bxb2 31. Bxf5 gxf5 32. Nf3 Rd3
33. Rc6+ Kh5 34. Kg2 Ra3 35. Nh4 f4 36. Kh3 fxg3 37. hxg3 Be5 38. Re6 Bb8 39.
Re8 Bd6 40. Rg8 Be7 41. Nf5 Bg5 42. Nd6 Be7 43. Ne4 a5 44. Rg7 Bf8 45. Rf7 Bh6
46. Rf6 Bg7 47. Rxb6 a4 48. Ra6 Bd4 49. f4 Bg7 50. Nd6 Bh6 51. Nf5 Bxf4 52.
Ng7+ Kg5 53. Ne6+ Kf5 54. Nxf4 Rxa2 55. Nd5 a3 56. Ne3+ 1-0

[Event "7th Gibtelecom Masters"]
[Site "Caleta ENG"]
[Date "2009.02.02"]
[Round "7"]
[White "Golod, V."]
[Black "Socko, B."]
[Result "1/2-1/2"]
[WhiteElo "2575"]
[BlackElo "2631"]
[PlyCount "50"]
[EventDate "2009.01.27"]
[SourceDate "1999.07.01"]

1. d4 Nf6 2. c4 e6 3. Nf3 b6 4. a3 Bb7 5. Nc3 d5 6. cxd5 Nxd5 7. Qc2 Nxc3 8.
bxc3 Be7 9. e4 O-O 10. Bd3 c5 11. O-O Qc7 12. Qe2 Nd7 13. e5 Rfd8 14. h4 Nf8
15. h5 h6 16. Be3 Qc6 17. Rfd1 Rac8 18. Ne1 Nh7 19. f4 cxd4 20. cxd4 Qd5 21.
Rdc1 Nf8 22. Bc4 Qe4 23. Bd3 Qd5 24. Bc4 Qe4 25. Bd3 Qd5 1/2-1/2

[Event "7th Gibtelecom Masters"]
[Site "Caleta ENG"]
[Date "2009.02.03"]
[Round "8"]
[White "Roiz, M."]
[Black "Pavlovic, Milos"]
[Result "1/2-1/2"]
[WhiteElo "2647"]
[BlackElo "2520"]
[PlyCount "81"]
[EventDate "2009.01.27"]
[SourceDate "1999.07.01"]

1. d4 Nf6 2. Nf3 e6 3. c4 b6 4. Nc3 Bb4 5. Qc2 Bb7 6. a3 Bxc3+ 7. Qxc3 d6 8. g3
O-O 9. Bg2 Nbd7 10. O-O a5 11. b3 Qe8 12. Bb2 Ne4 13. Qc2 f5 14. Rad1 Qf7 15.
Ng5 Nxg5 16. Bxb7 Rab8 17. Bg2 Qg6 18. d5 e5 19. f4 exf4 20. Rxf4 Rbe8 21. Rdf1
Re7 22. Bd4 Ref7 23. g4 fxg4 24. Qxg6 hxg6 25. Rxg4 Rxf1+ 26. Bxf1 Rf5 27. h4
Nf7 28. Rxg6 Nfe5 29. Rg3 Rf4 30. Be3 Rxh4 31. Bg5 Rd4 32. Bd8 a4 33. Bxc7 axb3
34. Rxb3 Nxc4 35. Rb4 Rg4+ 36. Kh2 Nf6 37. Bh3 Re4 38. Bg2 Rh4+ 39. Kg1 Rg4 40.
Bxb6 Nxa3 41. Rxg4 1/2-1/2

[Event "7th Gibtelecom Masters"]
[Site "Caleta ENG"]
[Date "2009.02.03"]
[Round "8"]
[White "Sokolov, Iv NED"]
[Black "Papp, Ga"]
[Result "1/2-1/2"]
[WhiteElo "2657"]
[BlackElo "2517"]
[PlyCount "86"]
[EventDate "2009.01.27"]
[SourceDate "1999.07.01"]

1. d4 Nf6 2. Nf3 e6 3. c4 b6 4. Nc3 Bb4 5. Bg5 h6 6. Bh4 Bb7 7. Qb3 Be7 8. e3
O-O 9. Rd1 Ne4 10. Bg3 d5 11. cxd5 Bxd5 12. Nxd5 Qxd5 13. Bc4 Qa5+ 14. Ke2
Nxg3+ 15. hxg3 Nd7 16. Bxe6 fxe6 17. Qxe6+ Rf7 18. Qxd7 Qxa2 19. Qc6 Rd8 20.
Qc2 Qa6+ 21. Rd3 Bf6 22. Re1 c5 23. Kf1 cxd4 24. e4 Rc8 25. Qd1 Rfc7 26. e5 Be7
27. Kg1 Rc1 28. Qb3+ Kh8 29. Kh2 Rxe1 30. Nxe1 Qc4 31. Qd1 Qb5 32. Qe2 Rc1 33.
Nf3 Qa6 34. g4 Rb1 35. Nxd4 Rxb2 36. Qxb2 Qxd3 37. Nf5 Bg5 38. g3 Qd2 39. Qb5
Qxf2+ 40. Kh3 Qg1 41. Qd5 Qf1+ 42. Kh2 Qf2+ 43. Kh3 Qf1+ 1/2-1/2

[Event "14th HIT Open"]
[Site "Nova Gorica SLO"]
[Date "2009.02.04"]
[Round "6"]
[White "Saric, A."]
[Black "Palac, M."]
[Result "1/2-1/2"]
[WhiteElo "2514"]
[BlackElo "2553"]
[PlyCount "21"]
[EventDate "2009.01.31"]
[SourceDate "1999.07.01"]

1. d4 Nf6 2. c4 e6 3. Nf3 b6 4. g3 Bb7 5. Bg2 Be7 6. O-O O-O 7. Nc3 Ne4 8. Qc2
Nxc3 9. Qxc3 f5 10. b3 Bf6 11. Bb2 1/2-1/2

[Event "80th ch-GER"]
[Site "Saarbruecken GER"]
[Date "2009.02.12"]
[Round "7"]
[White "Prusikin, M."]
[Black "Braun, A."]
[Result "1-0"]
[WhiteElo "2529"]
[BlackElo "2558"]
[PlyCount "45"]
[EventDate "2009.02.06"]
[SourceDate "1999.07.01"]

1. d4 Nf6 2. c4 e6 3. Nf3 b6 4. g3 Ba6 5. Qc2 c5 6. d5 exd5 7. cxd5 Bb7 8. Bg2
Nxd5 9. O-O Nc7 10. Nc3 Be7 11. Rd1 Qc8 12. Bg5 f6 13. Bf4 Ne6 14. Nd5 Nc6 15.
Rac1 Kf7 16. h4 g6 17. h5 g5 18. Be3 Qg8 19. b4 cxb4 20. Nxf6 Kxf6 21. Rxd7 Bc8
22. Qxc6 Bxd7 23. Bd4+ 1-0

[Event "80th ch-GER"]
[Site "Saarbruecken GER"]
[Date "2009.02.14"]
[Round "9"]
[White "Prusikin, M."]
[Black "Bischoff, K."]
[Result "1/2-1/2"]
[WhiteElo "2529"]
[BlackElo "2545"]
[PlyCount "24"]
[EventDate "2009.02.06"]
[SourceDate "1999.07.01"]

1. d4 Nf6 2. c4 e6 3. Nf3 b6 4. g3 Ba6 5. Qc2 c5 6. d5 exd5 7. cxd5 g6 8. Nc3
Bg7 9. Bg2 O-O 10. O-O d6 11. Bf4 h6 12. Rfe1 g5 1/2-1/2